000 00533nam a2200193 4500
001 110041
003 ES-MaACL
005 20230906184951.0
007 t|
008 061121s1963 sp r ||||1| spa d
100 1 _aObregón, Luis.
_986426
245 1 0 _aEducación burguesa y marxismo /
_cLuis Obregón.
260 _aBarcelona :
_bEstela,
_c1963.
300 _a247 p. ;
_c22 cm.
490 1 _acristianismo y tiempo
830 0 _acristianismo y tiempo
_9181569
852 _aES-MaACL
_jC-24192
_bR.52530
999 _c110041
_d110041